000 01120cam a22002651i 4500
003 SA-RiAUC
005 20260413125056.0
008 260406s1981 sy g 00000cara c
040 _aSA-JeALM
_bara
_cSA-RiAUC
_erda
082 0 4 _a234.6
_qSA-RiAUC
090 _a234.6
_bط هـ ر
100 1 _aالطهراني، مهدي الهادوي.
_eمؤلف.
245 1 0 _aتحرير المقال في كليات علم الرجال /
_cمهدي الهادوي الطهراني
250 _aالطبعة الثانية.
264 1 _aقم. ايران :
_bمؤسسة بيت الحكمة الثقافية،
_c2006
300 _a196 صفحة ؛
_c24 سم.
336 _aنص
_btxt
_2rdacontent
_3كتاب
337 _aبدون وسيط
_bn
_2rdamedia
500 _aاهداء من المؤلف مهدي الطهراني الى الشيخ رحمه الله بتاريخ 3 رمضان 1426 هـ
650 7 _aالحديث
_xالجرح والتعديل
_2aucsh
650 7 _aالحديث
_xتراجم الرواة
_2aucsh
650 _aالحديث شيعة
942 _2ddc
_cBOOK
_n0
949 _aSA-JeALM
_d260406
_uosman123
_n1
999 _c14758
_d14758